Country Flags that are hosting an F1 Race in the 2021 Season - Statistics

General Stats
  • This quiz has been taken 252 times
    231 since last reset
  • The average score is 19 of 21
Answer Stats
Picture Answer % Correct
France
97%
Spain
97%
Brazil
95%
Japan
95%
Mexico
95%
Monaco
95%
Portugal
95%
UK
95%
USA
95%
Belgium
94%
Netherlands
94%
Bahrain
93%
Italy
93%
Austria
92%
Russia
92%
Saudi Arabia
92%
Turkey
91%
Azerbaijan
90%
Hungary
90%
UAE
80%
San Marino
74%
No matching quizzes found
Score Distribution
Percent of People with Each Score
Percentile by Number Answered
Your Score History
You have not taken this quiz since the last reset